000 01138nam a2200289 a 4500
001 000013125
003 DO-SdBNP
005 20240530073916.0
008 091120s1979 dr 000 f spa d
040 _aDO-SdBNP
_bspa
_cBNPHU
082 4 _aRD863.44
_bT178d
_222
100 1 _aTarazona, Enrique
_d1944-
_930239
245 1 3 _aLa doble muerte de un radical de ahora : novela corta documental ;
_bEl homo de las imagenes /
_cEnrique Tarazona.
246 0 4 _aDos novelas cortas :
_bEl homo de las imagenes ; y , Doble muerte de un radical de ahora
260 _aSanto Domingo :
_bAlfa & Omega,
_c1979.
300 _a99 p. :
_bil. ;
_c21 cm.
500 _aIncluye datos biográficos del autor en la contracubieta
501 _aPublicado con : El homo de las imagenes
563 _aDos obras encuardenadas juntas con paginación contínua
590 _aInventariado, 2019/VM
650 0 _aNovela dominicana
_9223
650 0 _aLiteratura dominicana.
_967
700 1 2 _aTarazona, Enrique.
_d1944-
_tEl homo de las imagenes
_930240
740 0 2 _aEl homo de las imagenes
910 _aValidado. Control de calidad MFF
942 _2ddc
_cLBS1
999 _c12767
_d12767